| 000 | 01200nam a22002897a 4500 | ||
|---|---|---|---|
| 001 | BD-DhSAU 9278 | ||
| 003 | BD-DhSAU | ||
| 005 | 20260513110703.0 | ||
| 008 | 260513b2018 bg a|||| m||| 00| 0 eng d | ||
| 040 | _aBD-DhSAU | ||
| 082 |
_222 _a616.96 _bAl42 |
||
| 100 |
_aMONDAL, ALICH _eRegistration # 18-08853 |
||
| 245 |
_aMolecular detection and antibiogram of gut-associated escherichia coli from apparently healthy ruminants of dhaka and its surrounding districts, bangladesh / _bMS thesis |
||
| 260 |
_aSher-e-Bangla Agricultural University; _bDepartment of Microbiology and parasitology ; _c2024. |
||
| 300 |
_axi, 65p. : _bill. ; _c30 cm. |
||
| 500 | _aMS thesis of Department of Microbiology and parasitology, ;, Faculty of ASVM. Sher-e-Balgla Agricultural University Dhaka-1207 | ||
| 504 | _aIncludes bibliographical reference. | ||
| 590 | _aNazmul | ||
| 650 | _amolecular detection and antibiogram | ||
| 650 | _agut-associated escherichia coli | ||
| 651 | _ahealthy ruminants | ||
| 654 | _asurrounding | ||
| 700 |
_aAssico. Prof. Dr. Mahfuzul Islam _eSuperviser |
||
| 710 |
_eCo-Superviser _aAssico. Prof. Dr. Mirza Synthia Sabrin |
||
| 942 |
_2ddc _cTHESIS |
||
| 999 |
_c18399 _d18398 |
||